| 000 | 01702nam a2200361Ia 4500 | ||
|---|---|---|---|
| 001 | ebr10135413 | ||
| 003 | CaPaEBR | ||
| 006 | m u | ||
| 007 | cr cn||||||||| | ||
| 008 | 040512s2004 nyu sb 001 0 eng d | ||
| 010 | _z 2004049006 | ||
| 020 | _z1403978727 | ||
| 020 | _z1403961611 | ||
| 040 |
_aCaPaEBR _cCaPaEBR |
||
| 035 | _a(OCoLC)560189169 | ||
| 050 | 1 | 4 |
_aHV6431 _b.W42 2004eb |
| 082 | 0 | 4 |
_a303.6/25 _222 |
| 100 | 1 | _aWebel, Charles. | |
| 245 | 1 | 0 |
_aTerror, terrorism, and the human condition _h[electronic resource] / _cCharles P. Webel. |
| 250 | _a1st ed. | ||
| 260 |
_aNew York : _bPalgrave Macmillan, _cc2004. |
||
| 300 | _a156 p. | ||
| 504 | _aIncludes bibliographical references (p. [115]-144) and index. | ||
| 505 | 0 | _aIntroduction : pondering the imponderable -- 1. Defining the indefinable : what are, and are not "terror, terrorism, and the human condition?" -- 2. Depicting the indescribable : a brief history of terrorism -- 3. Articulating the ineffable : the voices of the terrified -- 4. Surviving the unendurable : coping, and failing to cope, with terror -- Conclusion : imagining the unimaginable? : a world without (or with less ...) terror and terrorism? | |
| 533 |
_aElectronic reproduction. _bPalo Alto, Calif. : _cebrary, _d2009. _nAvailable via World Wide Web. _nAccess may be limited to ebrary affiliated libraries. |
||
| 650 | 0 | _aTerrorism. | |
| 650 | 0 |
_aTerrorism _xHistory. |
|
| 650 | 0 | _aTerror. | |
| 650 | 0 | _aVictims of terrorism. | |
| 655 | 7 |
_aElectronic books. _2local |
|
| 710 | 2 | _aebrary, Inc. | |
| 856 | 4 | 0 |
_uhttp://site.ebrary.com/lib/rucke/Doc?id=10135413 _zAn electronic book accessible through the World Wide Web; click to view |
| 999 |
_c85064 _d85064 |
||